000 00493nam a2200205Ia 4500
008 210210b2011 xxu||||| |||| 00| 0 eng d
020 _a9788183567145
041 _aeng
082 _a658 MEHC
100 _aMEHTA (Basant)
245 _aContemporary issues in management
260 _aNew Delhi
_bDiscovery Publishing House
_c2011
300 _a217
650 _amanagement
650 _aissues
650 _ain
650 _aContemporary
690 _aManagement
906 _a066146
999 _c146532
_d146532